History of education in assam 1826-1919 (Record no. 1921)
[ view plain ]
| 000 -LEADER | |
|---|---|
| fixed length control field | 00517cam a2200193ua 4500 |
| 001 - CONTROL NUMBER | |
| control field | 2052 |
| 005 - DATE AND TIME OF LATEST TRANSACTION | |
| control field | 20260515113435.0 |
| 008 - FIXED-LENGTH DATA ELEMENTS--GENERAL INFORMATION | |
| fixed length control field | 110806n ii |||gr||||Z||||||eng |
| 040 ## - CATALOGING SOURCE | |
| Transcribing agency | MAIN |
| 082 ## - DEWEY DECIMAL CLASSIFICATION NUMBER | |
| Classification number | 370.54162 |
| 100 ## - MAIN ENTRY--PERSONAL NAME | |
| Personal name | Chakravarty, Archana, |
| Relator term | Author. |
| 245 1# - TITLE STATEMENT | |
| Title | History of education in assam 1826-1919 |
| Statement of responsibility, etc. | by Archana Chakravarty |
| 250 ## - EDITION STATEMENT | |
| Edition statement | 1st. |
| 260 ## - PUBLICATION, DISTRIBUTION, ETC. | |
| Place of publication, distribution, etc. | New Delhi: |
| Name of publisher, distributor, etc. | Mittal Publication,989. |
| 300 ## - PHYSICAL DESCRIPTION | |
| Extent | 163p: |
| Dimensions | 23cm. |
| 653 ## - INDEX TERM--UNCONTROLLED | |
| Uncontrolled term | Education |
| 653 ## - INDEX TERM--UNCONTROLLED | |
| Uncontrolled term | History of education in assam |
| 942 ## - ADDED ENTRY ELEMENTS (KOHA) | |
| Koha item type | Books |
| Withdrawn status | Lost status | Damaged status | Not for loan | Home library | Current library | Shelving location | Date acquired | Total checkouts | Full call number | Barcode | Date last seen | Copy number | Price effective from | Koha item type |
|---|---|---|---|---|---|---|---|---|---|---|---|---|---|---|
| Naharkatiya College Library | Naharkatiya College Library | General stacks | 09/19/2020 | 370.54162 | CHA | 11076 | 09/19/2020 | 1 | 09/19/2020 | Books |